000 00438nam a2200181Ia 4500
001 22707
005 20260414150849.0
008 260414t2015||||xx |||||||||||||| ||spa||
041 _aESP
082 _a621.38456
_bH41
100 _aHernando Rábanos, José María
_eAUT
245 0 _aComunicaciones móviles
_b
260 _c2015
300 _a716.páginas :
_c24 cm.
650 _aTCA
654 _aCET
942 _cLIB
_dJUS
_fJUS
_2ddc
_n
999 _c22707
_d22707